ロード中...

Biotechnology: the making of global controversy

書誌詳細
第一著者: Bauer, Martin W. (ed. by)
その他の著者: Gaskell, George
フォーマット: Printed Book
言語:English
出版事項: Cambridge University 2002
主題:
LEADER 00760nam a2200253 a 4500
001 adlib96000001
003 ViArRB
005 20151026132052.0
008 960221s1955 dcuabcdjdbkoqu001 0deng d
020 |a 0-521-77439-X 
022
040 |a Adlib 
082 |a 60 
245 |a Biotechnology: the making of global controversy 
250
260 |a Cambridge  |b University  |c 2002 
300 |a xvii, 411p. 
500 |a   
100 |a Bauer, Martin W.  |e ed. by 
700 |a Gaskell, George 
942 |c BK  |6 _ 
653 |a biotechnollogy  |a Biotechnology  |a Genetic engineering  |a Chemical engineering  |a Microbiology 
999 |c 41076  |d 41076 
952 |0 0  |1 0  |4 0  |6 60_BAU  |7 0  |9 53036  |a UL  |b UL  |d 2010-06-16  |l 1  |o 60 BAU  |p 00051764  |r 2011-12-01  |s 2011-10-21  |w 2010-06-16  |y BK